000 00387nam a22001457a 4500
003 OSt
008 250716b |||||||| |||| 00| 0 eng d
020 _a9789383964000
082 _a891.43103
_bV52P
100 _aDr. Jitendra Verma
245 _aPramukh Sufi Sant Kavi Aur Unki Rachnayen
260 _aNew Delhi
_bArchna Pub. nd Distributer
_c2025
300 _av,152p
942 _2ddc
_cHB
999 _c48465
_d48465